[Event "ICS rated blitz match"]
[Site "204.178.125.65"]
[Date "2000.01.28"]
[Round "?"]
[White "Hossa"]
[Black "kako"]
[Result "1/2-1/2"]
[WhiteElo "2351"]
[BlackElo "2078"]
[PlyCount "73"]

1. e4 Nf6 2. Nc3 e5 3. f4 d5 4. exd5 e4 5. Qe2 Bf5 6. Qb5+ Nbd7 7. Qxb7 Bd6 8.
Nb5 O-O 9. Nxd6 cxd6 10. c4 Nc5 11. Qb4 Rb8 12. Qa3 Qe7 13. Qg3 Nh5 14. Qe3 Nf6
15. h3 Rfe8 16. g4 Bd7 17. b3 Qd8 18. g5 Nd3+ 19. Kd1 Nh5 20. Bxd3 exd3 21.
Qxa7 Nxf4 22. Nf3 Re2 23. Qd4 Nh5 24. Qxd3 Ng3 25. Rg1 Bf5 26. Qd4 Re4 27. Qf2
Nh5 28. d4 Qe7 29. g6 hxg6 30. Ng5 Re8 31. Nxe4 Qxe4 32. Bg5 Qd3+ 33. Qd2 Qxh3
34. Qg2 Qd3+ 35. Qd2 Qh3 36. Qg2 Qd3+ 37. Qd2 1/2-1/2

[Event "ICS rated blitz match"]
[Site "204.178.125.65"]
[Date "2000.01.28"]
[Round "?"]
[White "HaraldLdahl"]
[Black "Hossa"]
[Result "0-1"]
[WhiteElo "2255"]
[BlackElo "2341"]
[PlyCount "43"]

1. e4 c5 2. c3 d5 3. exd5 Qxd5 4. d4 Nf6 5. Nf3 e6 6. Be2 Be7 7. Na3 O-O 8. Nc2
cxd4 9. Ncxd4 Rd8 10. Qb3 e5 11. Qxd5 Rxd5 12. Nc2 Nc6 13. O-O Rd8 14. Bg5 h6
15. Bxf6 Bxf6 16. Rfd1 Be6 17. a3 Bb3 18. Rxd8+ Rxd8 19. Ne3 e4 20. Nd4 Nxd4
21. cxd4 Bxd4 22. Bc4 0-1

[Event "ICS rated blitz match"]
[Site "204.178.125.65"]
[Date "2000.01.28"]
[Round "?"]
[White "Hossa"]
[Black "cushite"]
[Result "1-0"]
[WhiteElo "2353"]
[BlackElo "2031"]
[PlyCount "59"]

1. e4 e6 2. d4 d5 3. Nc3 Nf6 4. Bd3 Nbd7 5. e5 Ng8 6. Nf3 c5 7. dxc5 Bxc5 8.
O-O Ne7 9. Na4 Ng6 10. Nxc5 Nxc5 11. Bb5+ Bd7 12. Be2 O-O 13. Qd4 b6 14. c4 Bc6
15. b4 Nd7 16. b5 Bb7 17. Ba3 Re8 18. Rfd1 Rc8 19. Rac1 Nc5 20. cxd5 Bxd5 21.
Bxc5 bxc5 22. Rxc5 Bxf3 23. Rxc8 Qxc8 24. Bxf3 Qc7 25. Qd6 Qa5 26. a3 h6 27.
Be4 Nf4 28. Bc6 Rf8 29. Kh1 Qc3 30. Qxf8+ 1-0

[Event "ICS rated blitz match"]
[Site "204.178.125.65"]
[Date "2000.01.28"]
[Round "?"]
[White "Hossa"]
[Black "PostModernist"]
[Result "0-1"]
[WhiteElo "2357"]
[BlackElo "2489"]
[PlyCount "140"]

1. e4 c5 2. Nf3 e6 3. d4 cxd4 4. Nxd4 Nc6 5. Nc3 d6 6. Be2 Nf6 7. Bg5 Be7 8.
O-O a6 9. Qd2 O-O 10. Rad1 Bd7 11. Nf3 Qa5 12. Bxf6 Bxf6 13. Qxd6 Bxc3 14. Qxd7
Rab8 15. Qd3 Bxb2 16. Qb3 Bf6 17. Rd7 Qc5 18. Rfd1 b5 19. a4 bxa4 20. Qxa4 Rb4
21. Qa2 a5 22. Ne1 Rxe4 23. Nd3 Qc4 24. Qxc4 Rxc4 25. Ne1 Rd4 26. R1xd4 Nxd4
27. Bd3 Rd8 28. Ra7 Nc6 29. Rc7 Nb4 30. Bb5 Be5 31. Rc4 g6 32. Kf1 Bxh2 33. g3
Rd1 34. c3 Nc2 35. Re4 h5 36. Re2 Nxe1 37. Rxe1 Rxe1+ 38. Kxe1 h4 39. gxh4 Kg7
40. Ke2 Be5 41. c4 Bf6 42. c5 Bxh4 43. Ke3 f5 44. Kf3 Bd8 45. Ke3 Kf6 46. Kd4
g5 47. Be2 g4 48. Kc4 Kg5 49. Kd4 f4 50. Ke4 Bc7 51. Bc4 e5 52. Kd5 a4 53. Ke4
g3 54. fxg3 fxg3 55. Ke3 e4 56. Bd5 a3 57. Ke2 Ba5 58. Kf1 Kg4 59. Bc4 Kh3 60.
Kg1 g2 61. Kf2 Kh2 62. Ke3 g1=Q+ 63. Kxe4 Bc3 64. Ba2 Qd4+ 65. Kf3 Bd2 66. Ke2
Qe3+ 67. Kd1 Be1 68. Kc2 Ba5 69. Kb1 Qc3 70. Bg8 Qb2# 0-1

[Event "ICS rated standard match"]
[Site "204.178.125.65"]
[Date "2000.01.28"]
[Round "?"]
[White "PostModernist"]
[Black "Hossa"]
[Result "1-0"]
[WhiteElo "2417"]
[BlackElo "2238"]
[PlyCount "87"]

1. d4 Nf6 2. Nf3 c5 3. c3 cxd4 4. cxd4 d5 5. Nc3 Nc6 6. Bf4 Qb6 7. a3 Qxb2 8.
Na4 Qb5 9. Bd2 Nb8 10. e4 Qd7 11. Ne5 Qd8 12. Bb5+ Bd7 13. Nxd7 Nbxd7 14. exd5
a6 15. Bxd7+ Nxd7 16. Qb3 b5 17. Nc5 g6 18. a4 bxa4 19. Qxa4 Ra7 20. Ba5 Qb8
21. Qc6 Bg7 22. O-O f5 23. Nxa6 Qd6 24. Nc7+ Kf7 25. Nb5 Qxc6 26. dxc6 Rxa5 27.
Rxa5 Nb6 28. c7 Rc8 29. Rc1 Rh8 30. Rc6 Nc8 31. Ra8 Re8 32. Rca6 Bh6 33. g3 f4
34. Na7 fxg3 35. hxg3 e5 36. Rxc8 Re7 37. Nc6 Bg5 38. Nxe7 Bxe7 39. Rh8 Kg7 40.
c8=Q Kh6 41. Qh3+ Kg5 42. f4+ exf4 43. Qh4+ Kf5 44. Qxf4# 1-0

[Event "ICS rated standard match"]
[Site "204.178.125.65"]
[Date "2000.01.28"]
[Round "?"]
[White "Hossa"]
[Black "Chief-Justice"]
[Result "1-0"]
[WhiteElo "2230"]
[BlackElo "1887"]
[PlyCount "53"]

1. d4 Nf6 2. Nf3 e6 3. c4 b6 4. Nc3 Bb4 5. e3 c5 6. a3 cxd4 7. axb4 dxc3 8.
bxc3 Bb7 9. Bd3 Nc6 10. b5 Nb8 11. Ba3 d6 12. Bc2 Ke7 13. Ne5 Qc7 14. Bxd6+
Qxd6 15. Qxd6+ Kxd6 16. Nxf7+ Ke7 17. Nxh8 Nbd7 18. O-O Rxh8 19. Rxa7 Be4 20.
Bxe4 Nxe4 21. Rd1 Rd8 22. f3 Nd6 23. Rc7 Nf5 24. e4 Nh6 25. c5 bxc5 26. b6 Ke8
27. b7 1-0

[Event "ICS rated blitz match"]
[Site "204.178.125.65"]
[Date "2000.01.28"]
[Round "?"]
[White "Amateur"]
[Black "Hossa"]
[Result "1/2-1/2"]
[WhiteElo "2550"]
[BlackElo "2347"]
[PlyCount "184"]

1. Nf3 c5 2. g3 Nc6 3. Bg2 d5 4. d4 cxd4 5. Nxd4 e5 6. Nxc6 bxc6 7. O-O Ba6 8.
Nc3 Nf6 9. Be3 Be7 10. Na4 Qa5 11. b3 O-O 12. Bd2 Qc7 13. Be3 Nd7 14. c3 Rab8
15. Qc2 Bb5 16. Nb2 Ba3 17. Rad1 Rb7 18. c4 Ba6 19. Nd3 d4 20. Bd2 Re8 21. f3
c5 22. Nf2 Qd6 23. Qe4 Qe6 24. Qh4 Qg6 25. f4 exf4 26. Qxf4 Rb6 27. e3 Nf8 28.
exd4 Ne6 29. Rde1 cxd4 30. Qe4 Qxe4 31. Nxe4 f6 32. Rf5 Bf8 33. c5 Rbb8 34. Nd6
Bd3 35. Rf2 Bxd6 36. cxd6 Kf7 37. d7 Re7 38. Bd5 Rd8 39. Rf3 Bc2 40. Bc6 Ng5
41. Rxe7+ Kxe7 42. Rf1 Kd6 43. Bb5 Ne4 44. Bb4+ Ke6 45. Re1 Rxd7 46. Bxd7+ Kxd7
47. Kh1 Kc6 48. Kg2 f5 49. Rc1 d3 50. Be1 Kd5 51. Ba5 g5 52. Bb4 f4 53. Ba5 Kd4
54. gxf4 gxf4 55. Rf1 d2 56. Bxd2 Nxd2 57. Rxf4+ Be4+ 58. Kf2 a6 59. Rf6 Bd3
60. Rd6+ Kc3 61. Rd7 Bb1 62. Ke2 Ne4 63. Ke3 h5 64. Rd1 Bc2 65. Rd4 Nf6 66. h3
Bf5 67. Rd6 Ne8 68. Rxa6 Bxh3 69. Rb6 Bf5 70. Rb5 Ng7 71. Kf4 Bc2 72. Kg5 Kb2
73. Ra5 Bb1 74. b4 Bxa2 75. Rxa2+ Kxa2 76. b5 Kb3 77. b6 Ne6+ 78. Kxh5 Nd4 79.
b7 Nc6 80. Kg4 Nb8 81. Kf5 Kc3 82. Ke5 Kc4 83. Kd6 Kd4 84. Kc7 Na6+ 85. Kd6 Nb8
86. Ke7 Ke4 87. Ke8 Ke5 88. Ke7 Kd4 89. Ke8 Kc5 90. Kd8 Kc6 91. Kc8 Na6 92.
b8=Q Nxb8 1/2-1/2

[Event "ICS rated blitz match"]
[Site "204.178.125.65"]
[Date "2000.01.28"]
[Round "?"]
[White "Hossa"]
[Black "Varguz"]
[Result "0-1"]
[WhiteElo "2355"]
[BlackElo "2788"]
[PlyCount "94"]

1. d4 Nf6 2. Nf3 c5 3. c3 d5 4. dxc5 e6 5. b4 a5 6. Bf4 axb4 7. cxb4 b6 8. Bxb8
Rxb8 9. Nd4 Ra8 10. e3 bxc5 11. bxc5 Bxc5 12. Bb5+ Bd7 13. O-O O-O 14. Nc3 e5
15. Nf3 Bg4 16. Bc6 Rc8 17. Bb7 Rb8 18. Bc6 e4 19. h3 exf3 20. hxg4 Qd6 21.
Bxd5 Nxg4 22. Bxf7+ Rxf7 23. Qxd6 Bxd6 24. Ne4 Bh2+ 25. Kh1 Rb2 26. a4 Be5 27.
Ra3 Rf5 28. gxf3 Rxf3 29. Rd3 Nxf2+ 30. Nxf2 Rbxf2 31. Rxf2 Rxf2 32. Rd8+ Kf7
33. a5 Rh2+ 34. Kg1 Ra2 35. Rd5 Ke6 36. Rc5 h5 37. Kf1 h4 38. Rc6+ Kd5 39. Rc8
h3 40. Rh8 h2 41. Rd8+ Ke4 42. Rh8 Bg3 43. Re8+ Kf3 44. Rf8+ Kg4 45. Rh8 Bh4
46. Rxh4+ Kxh4 47. e4 h1=Q# 0-1

[Event "ICS rated standard match"]
[Site "204.178.125.65"]
[Date "2000.01.28"]
[Round "?"]
[White "Hossa"]
[Black "star"]
[Result "0-1"]
[WhiteElo "2234"]
[BlackElo "2543"]
[PlyCount "72"]

1. e4 d6 2. d4 Nf6 3. Nc3 g6 4. Be3 c6 5. Nf3 Bg7 6. Bd3 O-O 7. Qd2 Bg4 8. h3
Bxf3 9. gxf3 Nbd7 10. O-O-O Qc7 11. Rhg1 b5 12. Bh6 e5 13. dxe5 dxe5 14. Bxg7
Kxg7 15. Qg5 h6 16. Qg3 Rad8 17. Bf1 Nh5 18. Qh2 Nc5 19. h4 Nf4 20. h5 b4 21.
Rxd8 Rxd8 22. Nb1 Qd6 23. Bc4 Qd4 24. b3 Na4 25. bxa4 Qxc4 26. Kb2 Qd4+ 27. Kb3
c5 28. c3 bxc3 29. Nxc3 Rb8+ 30. Nb5 Qb4+ 31. Kc2 Qxa4+ 32. Kd2 Qxa2+ 33. Kc3
Ne2+ 34. Kd3 Rd8+ 35. Nd6 Rxd6+ 36. Ke3 Qd2# 0-1

[Event "ICS rated blitz match"]
[Site "204.178.125.65"]
[Date "2000.01.29"]
[Round "?"]
[White "arty"]
[Black "Hossa"]
[Result "0-1"]
[WhiteElo "2096"]
[BlackElo "2386"]
[PlyCount "80"]

1. d4 Nf6 2. c4 g6 3. Nc3 d5 4. Nf3 Bg7 5. Bg5 Ne4 6. cxd5 Nxg5 7. Nxg5 e6 8.
Qd2 exd5 9. Qe3+ Kf8 10. Qf4 f6 11. e4 dxe4 12. Bc4 Nc6 13. Rd1 Qd6 14. Qxd6+
cxd6 15. Nf7 Bg4 16. Rd2 f5 17. Nxh8 Bxh8 18. O-O Nxd4 19. Bd5 Rb8 20. f3 exf3
21. gxf3 Bh5 22. Kg2 Be5 23. Rfd1 Nc6 24. Ne2 g5 25. Ng3 Bg6 26. Be6 f4 27. Ne4
Bxe4 28. fxe4 h5 29. b3 g4 30. Rc2 f3+ 31. Kg1 Nd4 32. Rxd4 Bxd4+ 33. Kf1 Bc5
34. Bf5 a5 35. Bg6 Ke7 36. Bxh5 Rg8 37. a4 Rg5 38. Bxg4 Rxg4 39. Ke1 Rg1+ 40.
Kd2 f2 0-1

[Event "ICS rated blitz match"]
[Site "204.178.125.65"]
[Date "2000.01.29"]
[Round "?"]
[White "saknight"]
[Black "Hossa"]
[Result "0-1"]
[WhiteElo "2144"]
[BlackElo "2391"]
[PlyCount "28"]

1. e4 d6 2. d4 Nf6 3. Nc3 g6 4. Nf3 Bg7 5. Be2 Bg4 6. O-O O-O 7. Be3 e5 8. Qd2
exd4 9. Nxd4 Bxe2 10. Qxe2 Re8 11. f3 d5 12. exd5 Nxd5 13. Nxd5 Qxd5 14. Rad1
Bxd4 0-1

[Event "ICS Rated standard match"]
[Site "204.178.125.65"]
[Date "2000.01.29"]
[Round "?"]
[White "KnightnShininA"]
[Black "Hossa"]
[Result "1-0"]
[WhiteElo "1853"]
[BlackElo "2229"]
[PlyCount "129"]

1. Nf3 c5 2. e4 d6 3. d4 cxd4 4. Nxd4 Nf6 5. Nc3 Nbd7 6. Be3 g6 7. Be2 Bg7 8.
O-O O-O 9. f3 Nc5 10. Qd2 Bd7 11. b4 Ne6 12. Rad1 Rc8 13. Nxe6 fxe6 14. e5 Ne8
15. Bd4 a6 16. f4 Qc7 17. a4 g5 18. fxg5 dxe5 19. Rxf8+ Bxf8 20. Bc5 Nd6 21.
Qe3 Nf5 22. Qd3 Be8 23. Bg4 Ng7 24. a5 Bh5 25. Bxh5 Nxh5 26. g3 Ng7 27. g6 h6
28. Qd7 Qb8 29. Ne4 Rc7 30. Qd8 Qxd8 31. Rxd8 Nh5 32. g4 Nf4 33. Nf6+ exf6 34.
Bxf8 Nxg6 35. Bd6+ Kf7 36. Bxc7 Nf4 37. Rb8 Ne2+ 38. Kf2 Nc3 39. Rxb7 Kg8 40.
b5 Nxb5 41. Rxb5 Kf7 42. Rb6 Ke7 43. Rxa6 Kd7 44. Bb6 e4 45. Ra7+ Kd6 46. Bc7+
Kc6 47. Bd8 f5 48. Bf6 fxg4 49. Bd4 Kd5 50. Be3 Kc6 51. Ra6+ Kb5 52. Ra8 h5 53.
a6 Kc4 54. a7 Kd5 55. Rc8 Ke5 56. a8=Q g3+ 57. hxg3 h4 58. gxh4 Kf5 59. Qa5+ e5
60. Rg8 Ke6 61. Ra8 Kf7 62. Ra6 Ke8 63. Qxe5+ Kd8 64. Qg7 Kc8 65. Ra8# 1-0

[Event "ICS rated blitz match"]
[Site "204.178.125.65"]
[Date "2000.01.29"]
[Round "?"]
[White "Hossa"]
[Black "PostModernist"]
[Result "0-1"]
[WhiteElo "2397"]
[BlackElo "2493"]
[PlyCount "54"]

1. Nf3 d5 2. d4 c5 3. dxc5 e6 4. b4 a5 5. c3 Nf6 6. Bf4 axb4 7. cxb4 Nc6 8. Nc3
Nxb4 9. Nb5 Na6 10. Nd6+ Bxd6 11. cxd6 O-O 12. Qc2 Ne4 13. Rb1 f6 14. Qb3 Nac5
15. Qc2 e5 16. Be3 d4 17. Bd2 Be6 18. Rb2 Rc8 19. Rb5 Qxd6 20. Bb4 Qc6 21. Rxc5
Nxc5 22. e3 dxe3 23. fxe3 Qe4 24. Qxe4 Nxe4 25. Nd2 Rc1+ 26. Ke2 Bg4+ 27. Nf3
Rfc8 0-1

[Event "ICS rated blitz match"]
[Site "204.178.125.65"]
[Date "2000.01.29"]
[Round "?"]
[White "PostModernist"]
[Black "Hossa"]
[Result "1-0"]
[WhiteElo "2505"]
[BlackElo "2385"]
[PlyCount "131"]

1. e4 d6 2. d4 Nf6 3. Nc3 g6 4. g3 Bg7 5. Nge2 O-O 6. Bg2 e5 7. O-O exd4 8.
Nxd4 Re8 9. Re1 Bd7 10. h3 Qc8 11. g4 Nc6 12. Be3 a6 13. Qd2 Ne5 14. b3 Nc6 15.
Rad1 Bh8 16. a4 Bg7 17. Bh6 Bh8 18. Nf3 Ne5 19. Nxe5 Rxe5 20. f4 Re8 21. e5
dxe5 22. fxe5 Nxg4 23. e6 Bxe6 24. hxg4 Bxg4 25. Rxe8+ Qxe8 26. Bxb7 Bxd1 27.
Bxa8 Bxc2 28. Bd5 Bf5 29. Ne2 Bg4 30. Bc4 Be6 31. Bxe6 fxe6 32. Nf4 Kf7 33. Qd3
Qc8 34. Kg2 c5 35. Qe4 Bf6 36. Nd3 Bd4 37. b4 c4 38. Qxd4 Qc6+ 39. Kg3 cxd3 40.
Qg7+ Ke8 41. Qh8+ Kd7 42. Qxh7+ Kd8 43. Bg5+ Kc8 44. Qxg6 Qd7 45. Qe4 Qd6+ 46.
Bf4 Qd5 47. Qxd5 exd5 48. Kf3 Kb7 49. Ke3 d2 50. Kxd2 Kc6 51. Kd3 Kb6 52. Kd4
Kb7 53. Kxd5 Kb6 54. a5+ Kb5 55. Bd6 Ka4 56. Kc4 Ka3 57. b5+ Kb2 58. bxa6 Kc2
59. a7 Kd2 60. a8=Q Kd1 61. Qf3+ Kc1 62. Qg2 Kd1 63. Qf3+ Kc1 64. Bf4+ Kb2 65.
Qb3+ Ka1 66. Be5# 1-0

[Event "ICS rated blitz match"]
[Site "204.178.125.65"]
[Date "2000.01.29"]
[Round "?"]
[White "Hossa"]
[Black "feldshrink"]
[Result "1-0"]
[WhiteElo "2374"]
[BlackElo "1999"]
[PlyCount "65"]

1. Nf3 d5 2. e3 c6 3. d4 Bg4 4. c4 Nf6 5. h3 Bh5 6. cxd5 Nxd5 7. e4 Nb6 8. g4
Bg6 9. Nc3 e6 10. h4 h6 11. Bg2 N8d7 12. h5 Bh7 13. Bf4 Be7 14. Rc1 O-O 15. a3
Rc8 16. Be3 Nc4 17. Qb3 Nxe3 18. fxe3 Qc7 19. O-O Qg3 20. Ne2 Qxg4 21. Qxb7 Nf6
22. Qxe7 Nxe4 23. Nf4 Ng5 24. Ne5 Qh4 25. Qxa7 Be4 26. Bxe4 Nxe4 27. Nxc6 Ng3
28. Ne7+ Kh7 29. Rxc8 Qh1+ 30. Kf2 Ne4+ 31. Ke1 Qh4+ 32. Kd1 Rxc8 33. Nxc8 1-0

[Event "ICS rated blitz match"]
[Site "204.178.125.65"]
[Date "2000.01.29"]
[Round "?"]
[White "Hossa"]
[Black "RPhillips"]
[Result "1-0"]
[WhiteElo "2377"]
[BlackElo "2075"]
[PlyCount "23"]

1. Nf3 d5 2. e3 e6 3. d4 f5 4. Bd3 Nf6 5. O-O Bd6 6. c4 c6 7. Nc3 Nbd7 8. cxd5
cxd5 9. Bd2 O-O 10. Nb5 Be7 11. Rc1 a6 12. Nc7 1-0

[Event "ICS rated blitz match"]
[Site "204.178.125.65"]
[Date "2000.01.29"]
[Round "?"]
[White "scriabin"]
[Black "Hossa"]
[Result "0-1"]
[WhiteElo "2353"]
[BlackElo "2382"]
[PlyCount "36"]

1. c4 e5 2. Nc3 Nc6 3. g3 Nf6 4. Bg2 Bc5 5. e3 d6 6. Nge2 Qe7 7. O-O e4 8. a3
O-O 9. b4 Bb6 10. h3 a5 11. Rb1 axb4 12. axb4 Ne5 13. Qb3 Be6 14. Nd5 Nxd5 15.
cxd5 Bf5 16. g4 Nf3+ 17. Kh1 Bxg4 18. Nf4 Qh4 0-1

[Event "ICS rated blitz match"]
[Site "204.178.125.65"]
[Date "2000.01.29"]
[Round "?"]
[White "Hossa"]
[Black "pavo"]
[Result "1-0"]
[WhiteElo "2397"]
[BlackElo "2059"]
[PlyCount "75"]

1. Nf3 d5 2. e3 Nf6 3. c4 dxc4 4. Bxc4 e6 5. O-O Be7 6. d4 O-O 7. Nc3 c5 8.
dxc5 Bxc5 9. Qxd8 Rxd8 10. Ne5 Nbd7 11. Rd1 Be7 12. Nf3 a6 13. a4 Nf8 14. Rxd8
Bxd8 15. a5 Bd7 16. Bd3 Rc8 17. Bd2 Bc6 18. Ne5 Be8 19. Ne4 N8d7 20. Nxd7 Bxd7
21. Nd6 Rb8 22. e4 Be7 23. e5 Nd5 24. f4 Bc6 25. Rc1 Rd8 26. Bxa6 Bxd6 27. exd6
Rxd6 28. Bb5 h6 29. a6 Bxb5 30. Rc8+ Kh7 31. axb7 Rb6 32. b8=Q Rxb8 33. Rxb8
Bd3 34. Rf8 Kg6 35. b4 f6 36. g4 h5 37. gxh5+ Kf5 38. Rf7 1-0

[Event "ICS rated blitz match"]
[Site "204.178.125.65"]
[Date "2000.01.29"]
[Round "?"]
[White "ljb"]
[Black "Hossa"]
[Result "0-1"]
[WhiteElo "2192"]
[BlackElo "2401"]
[PlyCount "58"]

1. e4 c5 2. Nf3 d6 3. d4 Nf6 4. Nc3 cxd4 5. Nxd4 Nc6 6. Be2 e6 7. Be3 Be7 8.
O-O O-O 9. h3 d5 10. Nxc6 bxc6 11. e5 Nd7 12. f4 c5 13. Bf2 Rb8 14. b3 f6 15.
Bg3 fxe5 16. fxe5 Bg5 17. Kh1 Rxf1+ 18. Qxf1 Bh4 19. Bxh4 Qxh4 20. Nb5 a5 21.
Nd6 Nxe5 22. Nxc8 Rxc8 23. Re1 Rf8 24. Qg1 Rf6 25. Bb5 Ng4 26. Bd7 Nf2+ 27. Kh2
Nxh3 28. g3 Nxg1+ 29. gxh4 Nf3+ 0-1

[Event "ICS rated blitz match"]
[Site "204.178.125.65"]
[Date "2000.01.29"]
[Round "?"]
[White "Hossa"]
[Black "ljb"]
[Result "1-0"]
[WhiteElo "2408"]
[BlackElo "2185"]
[PlyCount "36"]

1. Nf3 g6 2. g3 Bg7 3. e4 d6 4. d4 c6 5. Bd3 e6 6. O-O Ne7 7. Bf4 O-O 8. Nbd2
d5 9. c3 Nd7 10. Qb3 b6 11. Rae1 Bb7 12. Qa3 c5 13. Bd6 Bf6 14. exd5 Bxd5 15.
Be4 cxd4 16. Nxd4 Re8 17. Nb5 a5 18. Nc7 Nf5 1-0

[Event "ICS rated blitz match"]
[Site "204.178.125.65"]
[Date "2000.01.29"]
[Round "?"]
[White "Hossa"]
[Black "LeTiger"]
[Result "0-1"]
[WhiteElo "2415"]
[BlackElo "2411"]
[PlyCount "136"]

1. Nf3 Nf6 2. c4 c6 3. b3 e6 4. d4 Ne4 5. e3 Bb4+ 6. Nbd2 Bc3 7. Rb1 Bb4 8. Qc2
d5 9. Bd3 f5 10. a3 Ba5 11. cxd5 exd5 12. b4 Bc7 13. b5 O-O 14. O-O cxb5 15.
Rxb5 Be6 16. Qb3 Nd6 17. Rc5 Bb6 18. Rc2 Re8 19. Bb2 Nc6 20. Ne5 Nxe5 21. dxe5
d4 22. Nc4 Nf7 23. Qb5 dxe3 24. Nxb6 axb6 25. Rd1 Ra5 26. Qb4 Rd5 27. Qa4 b5
28. Qb3 Nxe5 29. Bxe5 Rxe5 30. Qc3 Bf7 31. Re2 exf2+ 32. Rxf2 g6 33. Rff1 Re3
34. Kh1 Qd6 35. Qc2 Qc6 36. Qb2 Bc4 37. Qd4 b6 38. Rd2 Qc5 39. Qd7 R3e7 40.
Bxc4+ bxc4 41. Qd5+ Qxd5 42. Rxd5 c3 43. Rdd1 c2 44. Rc1 Re2 45. h3 Rd8 46. Rg1
b5 47. Kh2 Rd3 48. Ra1 f4 49. Kh1 Rdd2 50. Raf1 Rf2 51. Rxf2 Rxf2 52. Re1 Rd2
53. Re8+ Kf7 54. Rc8 Rd1+ 55. Kh2 c1=Q 56. Rxc1 Rxc1 57. g4 Rc2+ 58. Kg1 Ra2
59. h4 f3 60. h5 Rxa3 61. hxg6+ Kxg6 62. Kf2 b4 63. g5 b3 64. Kxf3 b2+ 65. Kf4
b1=Q 66. Ke5 Qd1 67. Ke4 Kxg5 68. Ke5 Re3# 0-1

[Event "ICS rated blitz match"]
[Site "204.178.125.65"]
[Date "2000.01.29"]
[Round "?"]
[White "LeTiger"]
[Black "Hossa"]
[Result "1-0"]
[WhiteElo "2546"]
[BlackElo "2413"]
[PlyCount "107"]

1. e4 c5 2. Nf3 d6 3. d4 Nf6 4. dxc5 Qa5+ 5. c3 Nxe4 6. Qd4 f5 7. cxd6 Nc6 8.
Qd1 exd6 9. Bd3 Bd7 10. O-O O-O-O 11. Bf4 d5 12. b4 Qb6 13. a4 Re8 14. a5 Qd8
15. a6 b6 16. b5 Ne7 17. Bxe4 dxe4 18. Qd6 Nc6 19. Qd5 Qf6 20. Nd4 Bc5 21. bxc6
Be6 22. Nxe6 Qxe6 23. c4 Re7 24. Nc3 e3 25. Nb5 exf2+ 26. Kh1 Qxd5 27. cxd5 Rf7
28. d6 Rd8 29. c7 Kd7 30. Nxa7 Re8 31. c8=Q+ Rxc8 32. Nxc8 Rf8 33. a7 Rxc8 34.
a8=Q Rxa8 35. Rxa8 b5 36. Rb8 Bxd6 37. Bxd6 Kxd6 38. Rxb5 g6 39. Rb7 h5 40.
Rb6+ Ke5 41. Rxg6 h4 42. Rxf2 Ke4 43. Rh6 h3 44. Rxh3 f4 45. Rh4 Kd5 46. Rhxf4
Kc6 47. g4 Kd5 48. g5 Ke5 49. g6 Kd5 50. g7 Kc6 51. g8=Q Kd6 52. Rf6+ Ke5 53.
Qg4 Kd5 54. R2f5# 1-0

[Event "ICS rated blitz match"]
[Site "204.178.125.65"]
[Date "2000.01.29"]
[Round "?"]
[White "Hossa"]
[Black "Tb7"]
[Result "1-0"]
[WhiteElo "2412"]
[BlackElo "2074"]
[PlyCount "51"]

1. e4 d5 2. d4 dxe4 3. Nc3 Nf6 4. f3 exf3 5. Nxf3 Bg4 6. Be3 e6 7. h3 Bh5 8.
Qe2 c6 9. g4 Bg6 10. O-O-O Bb4 11. g5 Nh5 12. Qc4 Bxc3 13. bxc3 Ng3 14. Rg1
Nxf1 15. Rdxf1 Qa5 16. Qb3 b5 17. Ne5 O-O 18. Rg3 Qc7 19. Bf4 Qb7 20. Nxg6 fxg6
21. Qxe6+ Kh8 22. Rgf3 Na6 23. Be5 Rxf3 24. Rxf3 Rg8 25. Rf7 Qb6 26. Bxg7+ 1-0

[Event "ICS rated blitz match"]
[Site "204.178.125.65"]
[Date "2000.01.29"]
[Round "?"]
[White "Amateur"]
[Black "Hossa"]
[Result "1-0"]
[WhiteElo "2533"]
[BlackElo "2416"]
[PlyCount "101"]

1. d4 Nf6 2. c4 g6 3. Nc3 d5 4. Bf4 Bg7 5. e3 c5 6. dxc5 Qa5 7. Rc1 Ne4 8. Nge2
dxc4 9. Qa4+ Qxa4 10. Nxa4 e5 11. Rxc4 f5 12. Bg3 Nc6 13. Nac3 Nxg3 14. Nxg3
Bd7 15. Nb5 O-O 16. Rc1 f4 17. Ne4 fxe3 18. Bc4+ Kh8 19. fxe3 Bh6 20. Rc3 Na5
21. Nbd6 Nxc4 22. Nxc4 Bc6 23. Ncd6 Kg7 24. Rf1 a5 25. Rxf8 Rxf8 26. Ke2 Kh8
27. Rb3 Kg7 28. g4 Kh8 29. Nc3 Rf3 30. g5 Bxg5 31. Nce4 a4 32. Ra3 Bxe4 33.
Nxe4 Rh3 34. Nxg5 Rxh2+ 35. Kd3 Kg7 36. b4 Rh1 37. Rxa4 h6 38. Ne4 Rd1+ 39. Kc4
Rc1+ 40. Kd5 Rb1 41. Ra7 Rxb4 42. c6 Rb5+ 43. Ke6 h5 44. Rxb7+ Kh6 45. Rxb5 h4
46. c7 Kh5 47. Nf6+ Kh6 48. c8=Q Kg7 49. Qc7+ Kh6 50. Qh7+ Kg5 51. Rxe5# 1-0

[Event "ICS rated standard match"]
[Site "204.178.125.65"]
[Date "2000.01.29"]
[Round "?"]
[White "PostModernist"]
[Black "Hossa"]
[Result "1-0"]
[WhiteElo "2422"]
[BlackElo "2201"]
[PlyCount "99"]

1. d4 Nf6 2. Bg5 e6 3. Nf3 d5 4. e3 c5 5. c3 Bd6 6. Nbd2 Nc6 7. Bd3 Qb6 8. Qc1
e5 9. dxe5 Nxe5 10. Nxe5 Bxe5 11. Nf3 h6 12. Bxh6 Bxc3+ 13. Qxc3 Rxh6 14. O-O
Bg4 15. Ne5 Qd6 16. h3 Rh5 17. Bb5+ Kf8 18. f4 Be6 19. Be2 Rh6 20. Bf3 Kg8 21.
Qd3 a6 22. Rfd1 Rd8 23. a4 Qe7 24. Rac1 Re8 25. b3 Rh4 26. Qc2 Rc8 27. a5 Rc7
28. Qf2 Rh6 29. Qg3 Qd6 30. Nc4 Qd8 31. Qf2 Qe7 32. Nb6 Rg6 33. g4 Ne4 34. Bxe4
dxe4 35. f5 Rf6 36. Qb2 Rxf5 37. gxf5 Qg5+ 38. Kh2 Qxf5 39. Rd8+ Kh7 40. Qg2
Bxb3 41. Qg3 Rc6 42. Nd7 g5 43. Qg2 c4 44. Rf1 Qb5 45. Rxf7+ Kg6 46. Qxe4+ Kxf7
47. Rf8+ Kg7 48. Qe7+ Kg6 49. Qf7+ Kh6 50. Rh8# 1-0

[Event "ICS rated standard match"]
[Site "204.178.125.65"]
[Date "2000.01.29"]
[Round "?"]
[White "Cole-Hann"]
[Black "Hossa"]
[Result "0-1"]
[WhiteElo "2087"]
[BlackElo "2194"]
[PlyCount "43"]

1. f3 Nc6 2. e4 e5 3. Bb5 Bc5 4. Ne2 Qh4+ 5. g3 Qh3 6. Nbc3 Qg2 7. Rf1 Nf6 8.
d3 a6 9. Ba4 d6 10. d4 exd4 11. Nd5 Nxd5 12. exd5 b5 13. Bxb5 axb5 14. dxc6 Bh3
15. Rg1 Qxh2 16. Qd3 O-O 17. Kd1 Rfe8 18. Re1 Qf2 19. c3 dxc3 20. bxc3 Bg2 21.
a3 Bxf3 22. Ra2 0-1

[Event "ICS rated blitz match"]
[Site "204.178.125.65"]
[Date "2000.01.29"]
[Round "?"]
[White "Hossa"]
[Black "Zippy"]
[Result "0-1"]
[WhiteElo "2405"]
[BlackElo "2217"]
[PlyCount "58"]

1. d4 Nf6 2. c4 g6 3. Nc3 d5 4. Bf4 Bg7 5. e3 c5 6. dxc5 Bg4 7. Qb3 Ne4 8. Qxb7
Bxc3+ 9. bxc3 Nd7 10. Qxd5 Nexc5 11. h3 Bf5 12. Rd1 Be4 13. Qd2 e5 14. Bg3 O-O
15. Nf3 f6 16. Be2 Qa5 17. O-O Rad8 18. Qb2 Rb8 19. Qa1 Rfd8 20. Rd2 Rb7 21.
Rc1 Rdb8 22. Rxd7 Rxd7 23. Bh2 Qa3 24. Nd4 Rb2 25. Nb5 Qxa2 26. Qxa2 Rxa2 27.
Bg4 f5 28. Bf3 Bxf3 29. gxf3 a6 0-1

[Event "ICS rated standard match"]
[Site "204.178.125.65"]
[Date "2000.01.29"]
[Round "?"]
[White "Hossa"]
[Black "PostModernist"]
[Result "0-1"]
[WhiteElo "2205"]
[BlackElo "2429"]
[PlyCount "98"]

1. d4 Nf6 2. c4 e6 3. Nc3 Bb4 4. Qc2 O-O 5. Bg5 h6 6. Bh4 d6 7. a3 Bxc3+ 8.
Qxc3 Nc6 9. Nf3 g5 10. Bg3 Ne4 11. Qd3 d5 12. e3 h5 13. Ne5 Ne7 14. f3 Nd6 15.
cxd5 exd5 16. O-O-O h4 17. Bf2 f6 18. Ng6 Bf5 19. Nxe7+ Qxe7 20. Qb3 c6 21. g3
Rac8 22. e4 Be6 23. e5 fxe5 24. dxe5 Nc4 25. Bxc4 dxc4 26. Qc2 Bd5 27. Rhg1
hxg3 28. Bxg3 Kh8 29. Rdf1 Rxf3 30. Rxf3 Bxf3 31. Qxc4 Rd8 32. Qc3 g4 33. Qe3
b6 34. h3 Rd5 35. b4 Qh7 36. hxg4 Rd3 37. Qf2 Rb3 38. Qh2 Rb1+ 39. Kd2 Rb2+ 40.
Ke3 Rxh2 41. Kxf3 Qd3+ 42. Kf4 Rc2 43. e6 Kg7 44. Kg5 Qg6+ 45. Kf4 Rc4+ 46. Kf3
Qe4+ 47. Kf2 Rc2+ 48. Kf1 Qd3+ 49. Ke1 Qe2# 0-1

[Event "ICS rated blitz match"]
[Site "204.178.125.65"]
[Date "2000.01.29"]
[Round "?"]
[White "Brookie"]
[Black "Hossa"]
[Result "0-1"]
[WhiteElo "1995"]
[BlackElo "2381"]
[PlyCount "42"]

1. d4 e6 2. c4 f5 3. Nc3 Nf6 4. Bg5 h6 5. Bf4 g5 6. Be5 Nc6 7. Nf3 g4 8. Nh4
Bb4 9. Ng6 Rg8 10. Nf4 Ne4 11. Qc2 d6 12. O-O-O Nxf2 13. d5 exd5 14. Nfxd5 Nxe5
15. Nxb4 Nxh1 16. e4 g3 17. Be2 Nf2 18. Bh5+ Kf8 19. Qd2 Qg5 20. Qxg5 Rxg5 21.
hxg3 Rxh5 0-1